Studi copti. 1) : Un encomio di Marco evangelista; 2) : Le fonti copte della Storia dei patriarchi di Alessandria; 3) La leggenda di S. Mercurio.

محفوظ في:

المؤلف الرئيسي: Orlandi, Tito (مؤلف)

التنسيق: كتاب

اللغة: Italian

منشور في: Milano-Varese : 1st. editoriale cisalpino, 1968.

سلاسل: Testi e documenti per lo studio dell'antichità, 22.

الموضوعات:

الوسوم: إضافة وسم

لا توجد وسوم, كن أول من يضع وسما على هذه التسجيلة!

رقم الطلب: BR167 .O74 1968

LEADER 01153nam a2200289I 4500
001 5337
003 OSt
005 20251008084936.0
008 130303s1968 it b 000 0 ita d
010 |a 73526400 
035 |a ocm00816320 
040 |c ARCE Library 
050 4 |a BR167 .O74 1968 
100 1 |a Orlandi, Tito,  |e author 
245 1 0 |a Studi copti. 1) :  |b Un encomio di Marco evangelista; 2) : Le fonti copte della Storia dei patriarchi di Alessandria; 3) La leggenda di S. Mercurio. 
264 1 |a Milano-Varese :   |b 1st. editoriale cisalpino,  |c 1968. 
300 |a 145 page ;  |c 19 cm. 
490 0 |a Testi e documenti per lo studio dell'antichità,  |v 22. 
500 |a Studi copti, 4. 
504 |a Includes bibliographical references. 
600 0 0 |a John,  |c Bishop of Scythopolis,  |d active 6th century  |t Encomium. 
600 0 0 |a Julian,  |c Emperor of Rome,  |d 331-363. 
600 0 0 |a Mercurius,  |c of Caesarea, Saint,  |d -approximately 250‏.  |t Legend.  |9 35852 
600 0 0 |a Sāwīrus ibn al-Muqaffaʻ,  |c Bishop of el-Ashmunein,  |d active 955-987.  |t Taʼrīkh baṭārikat al-Kanīsah al-Miṣrīyah.  |9 39277 
901 |a reviewed 
942 |c BK  |2 lcc 
999 |c 5274  |d 5274